[Event "Collegiate Champions Open RUS-USA"]
[Site "Online"]
[Date "2021.01.08"]
[Round "1.1"]
[White "Predke, Alexandr"]
[Black "Fedoseev, Vladimir"]
[Result "0-1"]
[WhiteElo "2690"]
[BlackElo "2687"]
[Annotator "TA"]
[PlyCount "110"]
[EventDate "2021.01.08"]
[EventType "team-tourn"]
[EventCountry "NET"]
[SourceTitle "playchess.com"]
[Source "ChessBase"]
[SourceQuality "1"]

{[%evp 10,110,22,-6,20,14,25,17,41,43,30,22,68,54,49,49,34,29,81,-65,57,-4,-3,-31,-20,-24,-29,-27,-22,-28,0,-19,-16,-75,-22,-91,-30,-52,-46,-44,-31,-25,0,-11,0,0,18,0,0,-86,-74,-75,-17,0,-6,-74,-77,-86,-86,-141,-131,-137,-115,-190,-188,-233,-211,-236,-239,-283,-279,-282,-200,-226,-245,-238,-232,-322,-324,-448,-394,-605,-590,-594,-565,-612,-592,-575,-585,-800,-799,-776,-626,-1015,-999,-860,-807,-1004,-988,-1141,-1141,-1133,-902]} 1. d4 Nf6 2. Nf3 g6 3. Nbd2 d5 4. e3 Bg7 5. Be2 O-O 6. O-O a5 $5 {[%cal Ba7a5,Ba5a4][%mdl 4] Leaves trodden paths. D02: 1 d4 d5 2 Nf3 sidelines, including 2...Nf6 3 g3 and 2...Nf6 3 Bf4.} (6... c5 $5) 7. c4 a4 {[#]} 8. cxd5 $146 ({Predecessor:} 8. b4 axb3 9. Nxb3 b6 10. Bb2 Ba6 11. Qc2 Nc6 12. Rfc1 Ra7 13. a3 dxc4 14. Bxc4 {1-0 (77) Gorodetzky,D (2447)-Pultinevicius,P (2434) Riga 2019}) 8... Nxd5 {The position is equal.} 9. Nc4 Bf5 10. Bd2 c5 11. dxc5 a3 12. bxa3 Bxa1 13. Qxa1 Nc6 (13... Nd7 $11) 14. Nd4 {[#]} ({White should try} 14. Rd1 $16) 14... Nxd4 ({Black should play} 14... Nf4 $1 $15 15. Bf3 Bd3) 15. Qxd4 (15. exd4 $14 Bd7 16. Qb2) 15... Nf6 $11 16. Qb2 Bd3 17. Bb4 {Threatens to win with Rd1.} Bxe2 18. Qxe2 Qc7 19. e4 Rfd8 20. f3 Nd7 21. Qe3 (21. Qf2 $11) 21... Ra6 (21... Rdc8 $17 {[%cal Rd7c5]} 22. Qd2 Nxc5) 22. Qg5 {[#]} (22. Qf2 $11) 22... Nf8 (22... Nxc5 $1 $17 {And now ...Ne6 would win.} 23. Ne3 (23. Bxc5 f6 $17) (23. Qxc5 Qxc5+ 24. Bxc5 Rc8 $15) (23. Qxc5 Qxc5+) 23... Nd3 24. Qxe7 Qb6) 23. Ne3 {Black must now prevent Nd5.} Ne6 {[%mdl 1024] Black has compensation.} 24. Qh4 {White wants to play Nd5.} Qf4 ({Much worse is} 24... Nxc5 $6 25. Nd5 $16) 25. Qf2 {Threatening Nd5.} Nc7 26. Re1 h5 27. h3 Rd7 28. Qb2 Qg5 29. Nc4 {[#]} (29. Kh1 $11 {keeps the balance.}) 29... Ne6 $1 $17 30. Nb6 Rd8 (30... Rd3 $17 {Hoping for ...Rxf3.} 31. Qf2 Nd4) 31. Nd5 $11 Nf4 32. Nxf4 (32. c6 $1 $11 {remains equal.} Nxd5 33. exd5 bxc6 34. Bxe7) 32... Qxf4 $17 {White is now going downhill.} 33. Qf2 Qe5 34. f4 (34. Qe3 $142) 34... Qd4 35. f5 e5 36. Qxd4 (36. Re3 $17) 36... Rxd4 {[%mdl 4096] Endgame KRR-KRB} ({Don't take} 36... exd4 37. Kf2 $17) 37. g4 Rd3 38. Kg2 h4 39. Re2 Kg7 40. Rf2 g5 41. Rf3 Rd4 42. Re3 f6 43. Kf3 Ra8 44. Rc3 Rad8 45. c6 {[#]} (45. Rb3 $142 Rc4 46. Kf2) 45... bxc6 $1 $19 {Black is clearly winning.} 46. Rxc6 R8d7 47. Ke2 Rxe4+ 48. Kf2 Red4 49. Re6 Kf7 50. Ke2 Re4+ 51. Kf3 Rc4 52. Ke3 Rc2 53. Rb6 Rh2 54. Bd6 Rxh3+ 55. Ke4 Rh2 {Weighted Error Value: White=0.50/Black=0.20} 0-1

[Event "Collegiate Champions Open RUS-USA"]
[Site "Online"]
[Date "2021.01.08"]
[Round "1.2"]
[White "Sjugirov, Sanan"]
[Black "Sarana, Alexey"]
[Result "0-1"]
[WhiteElo "2663"]
[BlackElo "2649"]
[Annotator "TA"]
[PlyCount "80"]
[EventDate "2021.01.08"]
[EventType "team-tourn"]
[EventCountry "NET"]
[SourceTitle "playchess.com"]
[Source "ChessBase"]
[SourceQuality "1"]

{[%evp 9,80,0,11,-16,-20,-16,20,14,10,13,27,4,31,0,0,0,4,0,10,0,0,0,0,0,0,0,0,0,0,0,0,0,0,0,0,0,0,0,0,0,0,0,0,0,0,0,0,0,0,0,0,0,0,-58,-66,-348,-258,-1810,-1787,-12833,-12833,-12836,-12837,-12837,-12837,-12838,-12838,-12839,-12839,-12841,-12839,-12840,-12840]} 1. e4 c5 2. Nc3 d6 3. f4 g6 4. d4 cxd4 5. Qxd4 Nf6 6. e5 {[#] B23: Closed Sicilian: Lines without g3.} Nc6 $1 7. Bb5 dxe5 {has lost popularity (7...Nd7).} 8. Qxd8+ {The position is equal.} Kxd8 9. Nf3 e4 {[#]} 10. Ne5 $146 ({Predecessor:} 10. Ng5 Ke8 11. Bc4 e6 12. Bd2 Bb4 13. O-O-O h6 14. Ngxe4 Nxe4 15. Nxe4 Bxd2+ 16. Rxd2 {1-0 (37) Gallagher,J (2444)-Ochsner,B (2405) Reykjavik 2015}) 10... Be6 11. Nxc6+ bxc6 12. Bxc6 Rc8 13. Bb5 Nd5 14. Nxd5 Bxd5 15. c3 e6 16. Be3 Bc5 17. Kf2 Ke7 18. Rhd1 Rc7 19. c4 Bxe3+ 20. Kxe3 Bxc4 21. Rac1 $1 {[%cal Rc1c4]} Rhc8 22. Rxc4 Rxc4 $11 {[%mdl 4096] Endgame KRR-KRB} 23. Rd7+ {[%mdl 64] [#] Double Attack} Kf6 {aiming for ...Rb4.} 24. Bxc4 Rxc4 25. Rxa7 {KR-KR} Rc2 26. Rb7 Rxg2 27. a4 {Threatens to win with a5.} Rxh2 28. a5 {a6 is the strong threat.} Rh1 29. Kxe4 Ra1 30. b4 Ra3 31. Rb8 ({White should play} 31. Kd4 $11) 31... h5 $15 32. Rd8 $2 {[%mdl 8192] White does not recover from this.} (32. Kd4 $1 $15) 32... h4 $19 33. Rh8 $2 (33. Kd4) 33... Rb3 {Black is clearly winning.} 34. Rb8 h3 35. a6 h2 36. Rh8 Rxb4+ 37. Kf3 Ra4 38. Rxh2 Rxa6 39. Kg4 Ra5 40. Re2 g5 {Weighted Error Value: White=0.56/Black=0.02} 0-1

[Event "Collegiate Champions Open RUS-USA"]
[Site "Online"]
[Date "2021.01.08"]
[Round "1.3"]
[White "Paravyan, David"]
[Black "Bartel, Mateusz"]
[Result "0-1"]
[WhiteElo "2647"]
[BlackElo "2638"]
[Annotator "TA"]
[PlyCount "44"]
[EventDate "2021.01.08"]
[EventType "team-tourn"]
[EventCountry "NET"]
[SourceTitle "playchess.com"]
[Source "ChessBase"]
[SourceQuality "1"]

{[%evp 9,44,33,45,27,38,27,35,0,-6,-58,-50,-76,-45,-98,-90,-93,-89,-118,-126,-262,-222,-280,-223,-375,-357,-1087,-1023,-29987,-29988,-29990,-1254,-1233,-1245,-1251,-1243,-1167,-1167]} 1. d4 g6 2. e4 Bg7 3. Nc3 d6 4. h4 Nc6 5. d5 Ne5 6. h5 {B06: Modern Defence.} gxh5 7. Qxh5 {[#]} Nf6 $146 ({Predecessor:} 7... Bg4 8. Qh4 h5 9. f3 Ng6 10. Qf2 Bd7 11. Bd2 c5 12. dxc6 bxc6 13. Nge2 c5 {1-0 (29) Weitzer,S (2293)-Gladilow,M Germany 2010}) 8. Qh4 {White is slightly better.} c6 9. Bh6 (9. dxc6 $11 bxc6 10. Qg5) 9... Bxh6 $15 10. Qxh6 Qb6 11. Rb1 (11. b3 $15) 11... cxd5 $17 12. exd5 Bf5 13. Bb5+ Kd8 14. Ba4 (14. Nf3 $17) 14... Rc8 $40 {[%mdl 128] [#] White must now prevent ...Rxc3! Black wants a kill.} 15. Nge2 Rc4 16. f3 $2 (16. Bb3 {might work better.} Rg4 17. Ng3) 16... Rg8 $19 17. Rh2 $2 {[#]} (17. Rf1 Rxa4 {[%mdl 64] Decoy} 18. Nxa4 Qb4+ 19. Nac3 Bxc2 20. Rc1 Qxb2 21. Rf2 Nd3+ {[%mdl 64] Double Attack} 22. Kf1) 17... Rxc3 $1 {[%mdl 576] Deflection} 18. Nxc3 (18. bxc3 Qxb1+) 18... Qg1+ {[%mdl 64] Double Attack} 19. Kd2 Nc4+ (19... Rxg2+ $142 20. Rxg2 Nxf3+ 21. Ke2 Qxg2+ 22. Ke3 Ng4+ {[%mdl 64] Double Attack} 23. Kf4 Qd2+ 24. Kg3 Qf2+ 25. Kf4 Nfe5+ 26. Kg5 Qe3+ 27. Kh4 Qxh6+ 28. Kg3 Qh2#) 20. Ke2 {Black is clearly winning.} Rxg2+ 21. Rxg2 Qxg2+ 22. Ke1 Nd7 {White got outplayed after the opening.  Weighted Error Value: White=0.97/Black=0.43} 0-1

[Event "Collegiate Champions Open RUS-USA"]
[Site "Online"]
[Date "2021.01.08"]
[Round "1.4"]
[White "Khairullin, Ildar"]
[Black "Chigaev, Maksim"]
[Result "1/2-1/2"]
[WhiteElo "2615"]
[BlackElo "2631"]
[Annotator "TA"]
[PlyCount "42"]
[EventDate "2021.01.08"]
[EventType "team-tourn"]
[EventCountry "NET"]
[SourceTitle "playchess.com"]
[Source "ChessBase"]
[SourceQuality "1"]

{[%evp 22,42,58,12,29,8,4,-28,-14,-16,-20,-12,-14,-16,0,0,-20,-16,-6,-46,-41,-42,-33]} 1. d4 Nf6 2. c4 g6 3. g3 Bg7 4. Bg2 O-O 5. Nc3 d6 6. Nf3 Nbd7 7. O-O e5 8. e4 exd4 9. Nxd4 Re8 10. h3 a6 11. Re1 Rb8 12. Bf4 Ne5 {E68: King's Indian: Fianchetto: 6...Nbd7 7 0-0 e5 8 e4.} 13. b3 c5 14. Nc2 b5 {[#] Black has an edge.} 15. Ne3 $146 ({Predecessor:} 15. Bxe5 Rxe5 16. Qd3 bxc4 17. bxc4 Re8 18. Rab1 Be6 19. Rxb8 Qxb8 20. Rb1 Qc7 21. Nd5 Nxd5 22. cxd5 {1-0 (89) Almada,E (2371)-Maier,C (2394) Switzerland 2001}) 15... Nh5 16. Bxe5 Bxe5 17. Rc1 Be6 18. Qd3 {[%cal Rc4b5]} Qa5 19. Re2 Nf6 20. Ncd5 Nxd5 21. Nxd5 Bd4 {Weighted Error Value: White=0.15/Black=0.04} 1/2-1/2

[Event "Collegiate Champions Open RUS-USA"]
[Site "Online"]
[Date "2021.01.08"]
[Round "1.5"]
[White "Drygalov, Andrey"]
[Black "Dragun, Kamil"]
[Result "1/2-1/2"]
[WhiteElo "2493"]
[BlackElo "2569"]
[Annotator "TA"]
[PlyCount "73"]
[EventDate "2021.01.08"]
[EventType "team-tourn"]
[EventCountry "NET"]
[SourceTitle "playchess.com"]
[Source "ChessBase"]
[SourceQuality "1"]

{[%evp 23,73,4,12,1,2,2,0,0,12,4,13,6,21,23,23,12,20,0,0,0,37,32,41,10,14,0,0,0,0,0,0,0,44,47,102,98,116,96,95,95,95,95,95,95,88,83,218,0,0,-1,0,-4]} 1. e4 c6 2. d4 d5 3. exd5 cxd5 4. Bd3 Nc6 5. c3 g6 6. Bf4 Bf5 7. Nf3 Bxd3 8. Qxd3 Bg7 9. O-O Nf6 10. Re1 O-O 11. Nbd2 e6 12. h3 Rc8 13. Ne5 {B13: Caro-Kann: Exchange Variation and Panov-Botvinnik Attack.} Nxe5 14. Bxe5 Nd7 15. Bxg7 Kxg7 {[#]} 16. Nf3 $146 ({Predecessor:} 16. f4 Qc7 17. Rf1 Nb6 18. g4 Nc4 19. Nxc4 Qxc4 20. Qe3 Rfe8 21. Qg3 Qc7 22. Qf2 {1-0 (40) Singh,E (1647)-Chong,K (1351) Hong Kong 2016}) 16... Qb6 (16... Nf6 {with more complications.} 17. Ne5 h5 18. a4 a5 19. Rac1 Nd7) 17. Re2 Qa6 (17... Nf6 {keeps more tension.} 18. Qe3 Qc7 19. Ne5 h5 20. h4 Ne4) 18. Qxa6 bxa6 19. Rc1 a5 20. b3 Rc7 21. c4 dxc4 22. bxc4 Rb8 23. Re3 Rb4 24. c5 Nb8 25. a3 Ra4 26. Rd1 Rd7 27. Rc1 Nc6 28. Ne5 Nxe5 (28... Rc7 $1 $14) 29. dxe5 $14 {[%mdl 4096] Endgame KRR-KRR} Rad4 30. Rec3 R4d5 31. c6 Rc7 32. Rc5 f6 33. Rxd5 exd5 34. Rc5 d4 {[#]} (34... fxe5 $16 {was worth a try.} 35. Rxd5 Kf6) 35. Rxa5 $2 (35. f4 $1 $18) 35... fxe5 $11 36. Rxe5 Rxc6 37. Rd5 {Weighted Error Value: White=0.26/Black=0.14} 1/2-1/2

[Event "Collegiate Champions Open RUS-USA"]
[Site "Online"]
[Date "2021.01.08"]
[Round "1.6"]
[White "Belous, Vladimir"]
[Black "Drygalov, Sergey"]
[Result "0-1"]
[WhiteElo "2524"]
[BlackElo "2490"]
[Annotator "TA"]
[PlyCount "72"]
[EventDate "2021.01.08"]
[EventType "team-tourn"]
[EventCountry "NET"]
[SourceTitle "playchess.com"]
[Source "ChessBase"]
[SourceQuality "1"]

{[%evp 11,71,20,27,5,35,10,8,-13,0,-35,-17,-32,11,10,13,12,10,-9,0,-23,0,-66,-63,-74,-44,-56,0,-20,8,14,60,67,53,0,92,64,78,41,52,-22,-14,-283,-269,-859,-843,-29988,-29989,-29989,-29990,-29990,-29991,-29991,-29992,-29992,-29993,-29996,-29997,-29997,-29998,-29998,-29999,-29999]} 1. c4 Nf6 2. Nf3 c6 3. d4 d5 4. e3 Bg4 5. Nc3 e6 6. h3 Bh5 7. cxd5 {D11: Slav Defence: 3 Nf3 sidelines and 3...Nf6 4 e3 Bg4.} exd5 8. Bd3 Bd6 9. O-O {The position is equal.} O-O {[#]} 10. Ne2 $146 ({Predecessor:} 10. e4 dxe4 11. Nxe4 Nxe4 12. Bxe4 Re8 13. Qd3 h6 14. Be3 Qe7 15. Nd2 Nd7 16. Bf3 {0-1 (38) Quenehen,N (1322)-Redjem,M (1777) Europe Chess INT 2020}) 10... Nbd7 11. Nf4 Bxf4 12. exf4 Bxf3 13. Qxf3 Re8 14. g4 Qb6 15. Qd1 Ne4 16. f3 (16. Be3 $11) 16... Nd6 $15 17. Kg2 Kh8 18. Bc2 Nb5 (18... Nf8 {looks sharper.} 19. Qd3 Re7 20. f5 Rae8 21. Bf4 Nc4) 19. Qd3 $1 {[%csl Gc2][%cal Rd3h7] [#]} Nf8 (19... Nf6 {with more complications.} 20. Be3 Rxe3 21. Qxe3 Nxd4 22. Qc3 Ne6) 20. Be3 Rxe3 21. Qxe3 Nxd4 22. Rf2 (22. Bb3 $14) 22... c5 (22... Qxb2 $11 {remains equal.} 23. Rc1 Qb6) 23. Rd1 Qc6 24. b4 {Hoping for bxc5.} Re8 25. Qc3 ({White should try} 25. Qc1 $1 $14) 25... Nfe6 $11 {[%cal Bf8e6,Be6f4,Bf4h3][%mdl 32]} 26. Kf1 $2 {[%mdl 8192] Loses the game.} (26. Qe3 $11 {and White is okay.}) 26... Nxf4 $19 {White must now prevent ...Qa6+.} 27. Qxc5 $2 {[#]} (27. Rxd4 cxd4 28. Qxc6 bxc6 29. Rd2) 27... Qh6 $1 28. Kg1 (28. Qxd4 Qxh3+) 28... Nxh3+ {[%mdl 64] Double Attack. Black mates.} 29. Kg2 Nf4+ 30. Kg3 Nde2+ 31. Rxe2 Nxe2+ 32. Kg2 Nf4+ 33. Kg3 Qh3+ 34. Kxf4 Qh2+ 35. Kg5 h6+ 36. Kf5 Qe5# {Weighted Error Value: White=0.64/Black=0.15} 0-1

[Event "Collegiate Champions Open RUS-USA"]
[Site "Online"]
[Date "2021.01.08"]
[Round "2.1"]
[White "Fedoseev, Vladimir"]
[Black "Predke, Alexandr"]
[Result "0-1"]
[WhiteElo "2687"]
[BlackElo "2690"]
[Annotator "TA"]
[PlyCount "80"]
[EventDate "2021.01.08"]
[EventType "team-tourn"]
[EventCountry "NET"]
[SourceTitle "playchess.com"]
[Source "ChessBase"]
[SourceQuality "1"]

{[%evp 18,80,32,29,73,44,26,9,20,9,10,11,10,12,12,0,0,0,0,-75,-94,-91,32,21,30,29,20,26,18,28,35,0,0,0,0,0,48,-418,-418,-458,0,0,0,-8,-8,-103,0,0,0,-31,-28,-73,-18,-39,0,-45,-45,-29987,-29988,-29988,-29988,-29988,-29989,-29993,-29994]} 1. d4 d5 2. c4 dxc4 3. e4 Nf6 4. e5 Nd5 5. Bxc4 Nc6 {[%cal Bb8c6,Bc6b4,Bb4d3][%mdl 32]} 6. Ne2 Bf5 7. O-O e6 8. Nbc3 Nb6 9. Bb3 Be7 10. Be3 Nb4 {D20: Queen's Gambit Accepted: 3 e3 and 3 e4.} 11. Nf4 c6 {[#]} 12. Qf3 $146 ({Predecessor:} 12. a3 N4d5 13. Ncxd5 cxd5 14. Rc1 O-O 15. g4 Bg6 16. Nxg6 fxg6 17. f4 Qd7 18. Qd3 {½-½ (35) De Haan,E (2331)-Guliyev,N (2532) Liffre 2018}) 12... O-O {The position is equal.} 13. Rac1 Nd3 14. Nxd3 Bxd3 15. Rfd1 Bg6 16. g3 a5 17. h4 a4 18. Nxa4 Nxa4 $17 19. h5 Nxb2 (19... Bf5 $17 20. Bxa4 Rxa4) 20. hxg6 $14 fxg6 (20... Nxd1 $6 21. gxf7+ Rxf7 22. Bxe6 $18) 21. Bxe6+ Kh8 22. Qg4 {Rd2 is the strong threat.} Nxd1 23. Rxd1 g5 24. d5 cxd5 25. Rxd5 Qe8 26. Rd7 Ra5 27. Bxg5 $2 {[%mdl 8192] [#]} (27. Bd5 $14 {stays ahead.}) 27... h5 $1 $19 {[%cal Rh5g4]} 28. Qh4 (28. Rxe7 hxg4) 28... Bc5 (28... Rxe5 $19 29. Bxe7 (29. Rxe7 {leads to mate.} Re1+ 30. Kg2 Qc6+ {[%mdl 64] Double Attack} 31. Bd5 Qxd5+ {[%mdl 64] Double Attack} 32. Re4 Rxe4 33. Qxh5+ Kg8 34. Kf1 Qd3+ 35. Kg2 Re1 36. Bf4 Qf1+ 37. Kf3 Qe2+ {[%mdl 64] Double Attack} 38. Kg2 Qxh5 39. f3 Qh1+ 40. Kf2 Qg1#) 29... Rxe6 30. Bxf8 Qxd7 31. Qxh5+ Rh6) 29. Be7 $11 Bxe7 ({Not} 29... Bxf2+ $2 30. Kh2 $18) 30. Rxe7 {Qg5 would kill now.} Qg6 31. Bb3 (31. Bf7 $11 Qf5 32. Qxh5+ Qxh5 33. Bxh5) 31... Qf5 (31... Rc5 $1 $17 {[%cal Rc5c1] ( -> ...Rc1+)} 32. Qd4 Rc1+ 33. Kg2 Qf5) 32. Qd4 Qg5 $36 {[%mdl 2048] Black has the initiative.} 33. Qd6 {Black must now prevent Rf7.} Ra6 34. Qd7 {[#]} h4 (34... Raa8 $1 $17 {Threatening ...Rad8.} 35. Qh3 Rf5) 35. Rf7 Rd8 36. Qh3 {And now e6 would win.} Rh6 37. e6 $2 {[%mdl 8192]} (37. Qf5 $15 Qxf5 38. Rxf5) 37... hxg3 {Black mates.} 38. e7 gxf2+ 39. Kxf2 Rxh3 40. Rf8+ {[#]} Kh7 $1 {Weighted Error Value: White=0.64/Black=0.36} ({But not} 40... Rxf8+ $2 41. exf8=Q+ Kh7 42. Qg8+ Kh6 43. Qh8+ Kg6 44. Qxh3 $18) 0-1

[Event "Collegiate Champions Open RUS-USA"]
[Site "Online"]
[Date "2021.01.08"]
[Round "2.2"]
[White "Sarana, Alexey"]
[Black "Sjugirov, Sanan"]
[Result "1-0"]
[WhiteElo "2649"]
[BlackElo "2663"]
[Annotator "TA"]
[PlyCount "97"]
[EventDate "2021.01.08"]
[EventType "team-tourn"]
[EventCountry "NET"]
[SourceTitle "playchess.com"]
[Source "ChessBase"]
[SourceQuality "1"]

{[%evp 26,97,41,24,27,18,31,27,33,41,52,53,73,73,89,45,47,31,48,40,48,25,52,28,29,43,37,39,27,32,57,53,62,64,82,54,124,118,125,119,128,141,131,129,122,73,73,73,73,73,81,73,80,73,80,73,85,81,81,71,88,88,240,219,403,406,543,538,514,504,751,666,746,710]} 1. e4 e5 2. Nf3 Nc6 3. Bb5 a6 4. Ba4 Nf6 5. O-O Be7 6. Re1 b5 7. Bb3 O-O 8. c3 d5 9. exd5 Nxd5 10. Nxe5 Nxe5 11. Rxe5 c6 12. d3 Bd6 13. Re1 Bf5 {13...Bf5 is better than 13...Qh4.} 14. Qf3 Qf6 {C89: Closed Ruy Lopez: Marshall Attack.} 15. Be3 $5 {[%mdl 4] [#] A promising side line.} Qg6 $146 ({Predecessor:} 15... Qe5 16. g3 Bxd3 17. Bd2 Qf5 18. Qxf5 Bxf5 19. Bxd5 cxd5 20. Be3 a5 21. Rd1 Be6 22. a3 {½-½ (74) Lorenzo de la Riva,L (2355)-Harutyunian,T (2485) Barcelona 2016}) 16. Bxd5 cxd5 {White has an edge.} 17. Nd2 Rad8 {[%cal Ba8d8,Bd8d6,Bd6e6][%mdl 32]} 18. Bf4 Bxd3 19. Bxd6 Rxd6 20. Qf4 Re6 21. Re3 Be4 {[%csl Ge4][%cal Rg6g2] [#]} 22. f3 Bf5 {White should prevent ...Bh3.} 23. Rae1 Bh3 {[%csl Gh3][%cal Rg6g2]} 24. Qg3 (24. R1e2 {with more complications.} h6 25. Nf1 Rc6 26. Rd2 Bc8 27. Qd4) 24... Rxe3 25. Rxe3 {Black must now prevent Qxg6.} Qc2 26. Qf2 Be6 27. Nf1 Qa4 28. a3 a5 29. Rd3 h6 30. Ne3 Qb3 (30... Qf4 $14) 31. Qd2 $16 Qa2 32. Nxd5 Bxd5 33. Rxd5 {[%mdl 4096] Endgame KQR-KQR} Qb3 34. Kf2 Re8 35. Rd8 Rxd8 36. Qxd8+ {[%mdl 64] [#] Double Attack. KQ-KQ} Kh7 37. Qd2 g6 38. Kg3 Kg7 39. Kf4 Kh7 40. h3 Kg7 41. Ke4 Qe6+ 42. Kd3 Qb3 43. Qe2 Kh7 $2 {Loses the game.} (43... Qc4+ $16 44. Kd2 Kf6) 44. Kd4 $18 b4 $2 (44... Qa4+ 45. Kc5 Kg7) 45. axb4 axb4 46. c4 {White is clearly winning.} Qa4 47. c5 b3+ 48. Qc4 Qd7+ 49. Kc3 {Weighted Error Value: White=0.06/Black=0.25} 1-0

[Event "Collegiate Champions Open RUS-USA"]
[Site "Online"]
[Date "2021.01.08"]
[Round "2.3"]
[White "Bartel, Mateusz"]
[Black "Paravyan, David"]
[Result "0-1"]
[WhiteElo "2638"]
[BlackElo "2647"]
[Annotator "TA"]
[PlyCount "112"]
[EventDate "2021.01.08"]
[EventType "team-tourn"]
[EventCountry "NET"]
[SourceTitle "playchess.com"]
[Source "ChessBase"]
[SourceQuality "1"]

{[%evp 10,112,-5,-35,0,-7,-1,-18,-18,-17,-27,-18,-22,-20,0,0,0,0,0,-53,-59,-64,-56,-56,-56,-56,-59,-69,-66,-72,-65,-57,-33,-79,-78,-78,-79,-84,-77,-64,0,-65,0,-68,0,0,0,0,0,0,0,0,0,0,0,-22,0,0,0,-20,-22,-29,-58,-217,0,0,0,0,0,0,0,0,0,0,0,0,0,-29980,0,0,0,0,0,0,0,0,0,-616,-606,-29964,-29964,-29967,-29966,-29956,-29953,-29959,-29958,-12845,-5708,-29974,-29975,-29975,-29976,-29976,-29976]} 1. g3 d5 2. Bg2 e5 3. d3 Nf6 4. Nf3 Nc6 5. O-O Be7 6. Nc3 O-O $1 {6...0-0 is better than 6...d4. A07: Réti Opening: New York and Capablanca Systems.} (6... d4 $5 {[%cal Rd4c3]} 7. Ne4 Bg4 $11) 7. e4 dxe4 8. Nxe4 Nxe4 {The position is equal.} 9. dxe4 Qxd1 10. Rxd1 Bg4 11. c3 f5 12. h3 Bh5 {[#]} 13. Re1 $146 ({Predecessor:} 13. Rd7 Rad8 14. Rxd8 Rxd8 15. exf5 Rd1+ 16. Kh2 Bc5 17. b4 Bxf2 18. g4 Bf7 19. b5 {0-1 (74) Paravyan,D (2435)-Predke,A (2537) Moscow 2015}) 13... fxe4 14. Nd2 {[#]} (14. Nh2 $11) 14... Rxf2 $1 $15 15. g4 {[#]} (15. b4 Re2) 15... Bh4 16. gxh5 {[#]} Rxg2+ $1 {[%mdl 64] Discovered Attack} 17. Kxg2 Bxe1 18. Nxe4 Bh4 19. Be3 b6 20. Kf3 Rd8 21. Ke2 Ne7 22. a4 Nd5 (22... h6 {keeps more tension.} 23. Rf1 Rf8 24. Rg1 Nf5 25. Rd1 Be7) 23. a5 Nxe3 24. Kxe3 $17 {[%mdl 4096] Endgame KRB-KRN} b5 ({Better is} 24... Kf7 $15) 25. Nc5 (25. b4 $11) 25... Kf7 (25... Be7 $15 26. Nd3 Rd6) 26. a6 (26. Rf1+ $11 Bf6 27. Nd3) 26... c6 (26... Bg5+ $15 27. Ke4 Rd2 28. Rf1+ Bf4) 27. Nd3 $11 Ke6 28. Ke4 Bf6 29. Rf1 Rd5 30. b4 h6 31. Rf3 Kd6 32. Nc5 Kc7 33. Rg3 Kb6 34. Ne6 Rd1 35. Nxg7 Re1+ 36. Kd3 $2 (36. Kf5 $15 Rf1+ 37. Kg6) 36... Bxg7 $2 ({Stronger than} 36... Kxa6 37. Ne6 $11) ({Black should play} 36... e4+ $19 37. Kd2 Rf1) 37. Rxg7 $19 {KR-KR} Rh1 38. Rg3 Kxa6 39. Ke4 Kb6 40. Kxe5 {Black must now prevent Kf6.} Rf1 41. Ke4 a5 42. bxa5+ Kxa5 43. Rg5 $2 {[%mdl 8192]} Rf2 $2 (43... hxg5 {mates} 44. Ke3 Rf4 45. Ke2 Rh4 46. Kf3 Rxh5 47. Kg3 Rh4 48. Kf3 Rxh3+ 49. Kg4 Rxc3 50. Kxg5 b4 51. Kf6 b3 52. Ke5 b2 53. Kd4 Rc2 54. Ke4 b1=Q 55. Kf4 Rf2+ 56. Ke3 Qe1+ 57. Kd4 Kb4 58. Kd3 Rd2#) 44. Rg6 $11 c5 45. Rxh6 Rh2 46. Rh8 {Threatens to win with h6.} Ka4 47. Rc8 c4 48. Kd4 $2 {[%mdl 8192]} (48. Kf4 $11) 48... Rxh3 $19 49. Ra8+ Kb3 50. Rb8 Rh4+ 51. Ke3 Rxh5 52. Kd4 Kc2 53. Rb7 Kd2 (53... Rh4+ $142 54. Ke3 Kxc3 55. Rxb5 Kc2) 54. Rg7 Rh4+ {Black mates.} 55. Kc5 Kxc3 56. Rg3+ Kb2 {Weighted Error Value: White=0.61/Black=0.28} 0-1

[Event "Collegiate Champions Open RUS-USA"]
[Site "Online"]
[Date "2021.01.08"]
[Round "2.4"]
[White "Chigaev, Maksim"]
[Black "Khairullin, Ildar"]
[Result "1/2-1/2"]
[WhiteElo "2631"]
[BlackElo "2615"]
[Annotator "TA"]
[PlyCount "40"]
[EventDate "2021.01.08"]
[EventType "team-tourn"]
[EventCountry "NET"]
[SourceTitle "playchess.com"]
[Source "ChessBase"]
[SourceQuality "1"]

{[%evp 9,40,-7,0,-6,-2,11,27,22,24,26,27,0,0,0,8,0,0,0,0,0,0,0,0,0,0,0,11,5,25,25,25,19,33]} 1. e4 c6 2. Nf3 d5 3. d3 dxe4 4. dxe4 Qxd1+ 5. Kxd1 Nf6 6. Nbd2 {B10: Caro-Kann: 2 d3 and 2 c4.} g6 7. Ne5 Nbd7 8. Nd3 {[#] White has an edge.} a5 $146 ({Predecessor:} 8... Ng4 9. a4 Bg7 10. h3 Nge5 11. Nxe5 Nxe5 12. c3 g5 13. Nc4 h6 14. Nxe5 Bxe5 {½-½ (61) Predke,A (2676)-Wojtaszek,R (2725) Moscow 2019}) 9. a4 h5 10. h4 Ng4 11. Ke1 Bh6 12. Nb3 Bxc1 13. Rxc1 b6 14. Be2 Nge5 15. Nxe5 Nxe5 16. f3 c5 17. Nd2 Bd7 18. b3 O-O-O 19. Nc4 Nxc4 20. Bxc4 e6 {Not much happened in this game.  Weighted Error Value: White=0.03/Black=0.04} 1/2-1/2